[Event "BOL-ch U12"]
[Site "Cochabamba"]
[Date "2023.01.14"]
[Round "5"]
[White "Bonifacio Sarmiento, Derek Mauricio"]
[Black "Marcoz Orellana, Matias Alexis"]
[Result "0-1"]
[WhiteElo "1006"]
[BlackElo "1065"]
[PlyCount "32"]
[EventDate "2023.01.13"]
[EventType "swiss"]
[EventRounds "7"]
[EventCountry "BOL"]
[SourceTitle "EXT 2024"]
[Source "ChessBase"]
[SourceDate "2023.10.10"]
[SourceVersion "1"]
[SourceVersionDate "2023.10.10"]
[SourceQuality "1"]

1. e4 e5 2. Nf3 Nc6 3. Bc4 Bc5 4. d3 d6 5. Ng5 Be6 6. Bxe6 fxe6 7. Nxe6 Qe7 8. Nxc5 dxc5 9. Be3 Nf6 10. Nc3 0-0 11. Qd2 a6 12. Bg5 Qe6 13. Bxf6 Qxf6 14. Nd5 Qd6 15. 0-0 Ne7 16. Nxe7+ Qxe7 0-1